000 00308nam a22001337a 4500
008 171011b xxu||||| |||| 00| 0 eng d
020 _a9780631232346
041 _aeng
080 _a316
100 _a50
101 _aSOC
245 _aSEXUALITY IN GREEK AND ROMAN CULTURE
_cSKINNER,M.B
942 _2udc
_cBK
999 _c33226
_d33226